000 00339pab a2200145 454500
008 180718b1985 xxu||||| |||| 00| 0 eng d
100 _aO'Higgins, Michael
245 _aThe public spending lydra
260 _c1985
300 _a171-3
362 _a31 Jan.
650 _aExpenditures, Government
773 _aNew Society
909 _a7935
999 _c7935
_d7935